| 000 | 00664nam a2200217Ia 4500 | ||
|---|---|---|---|
| 001 | 20097 | ||
| 003 | GE_BSU | ||
| 008 | 181216s||||||||xx |||||||||||||| ||und|| | ||
| 040 | _cGE_BSU | ||
| 245 | _aАграрная наука №1 2017 | ||
| 245 | _bНаучно-теоретический и производственный журнал | ||
| 245 | _cГл. ред. Б.В. Виолин | ||
| 260 | _aМосква | ||
| 260 | _bООО "Аналитик | ||
| 260 | _c2017 | ||
| 300 | _a32 стр. 30см. илл. | ||
| 653 | _aАграрная наука №1 2017 | ||
| 653 | _aПериодика | ||
| 653 | _aპერიოდიკა | ||
| 942 | _cCR | ||
| 999 |
_c53060 _d53060 |
||